| 000 | 02011nam a2200349 a 4500 | ||
|---|---|---|---|
| 001 | BRCA_3284 | ||
| 005 | 20190320204214.0 | ||
| 008 | 130309m18641867enka---###---#000-0#eng-# | ||
| 041 | _aeng | ||
| 044 | _aenk | ||
| 084 |
_a586 _b.C37 _c1864 |
||
| 100 | 1 |
_aCervantes Saavedra, Miguel de _d1547-1616 _9213 |
|
| 245 | 1 | 0 |
_aThe History of Don Quixote _cBy Cervantes. |
| 260 |
_aLondres _bCassel Petter and Galpin _c1864-1867 |
||
| 300 |
_a1 v. en 2 partes (xxviii, 737 p.) _bil. _c31 cm. |
||
| 500 | _aContenido : Primera parte. Lista de ilustraciones. Noticia biográfica sobre Cervantes. Prólogo del autor. Segunda parte. Prólogo del autor | ||
| 500 | _aEdición : The Test Edited by J. W. Clark and a Biographical Notice of Cervantes by T. Teignmouth Shore. Illustrated by Gustavo Doré | ||
| 500 | _aTraducción de J. W. Clark, bastante buena; esta basada en la de Jarvis con correcciones tomadas de la versión de Motteux. La noticia biográfica está extractada de la Vida de Cervantes escrita por J. A. Pellicer. Edición profusamente ilustrada con excelentes dibujos de G. Doré y magnificamente impresa. Sin embargo, no llega a la de las ediciones publicadas en París y Barcelona, en 1863 y 1865, respectivamente, primeras que ostentan los preciosos dibujos de tan famoso artista. Tela; planos y lomos adornados con dorados; corte dorado también Lúdovik Osterc | ||
| 500 | _aEstado físico : Encuadernación desprendida | ||
| 500 | _aQM461 | ||
| 546 | _aTexto en : inglés | ||
| 650 | 1 | 4 |
_aNovela española _yÉpoca clásica, 1500-1700 _9215 |
| 650 | 1 | 4 |
_aLiteratura española _yÉpoca clásica, 1500-1700 _9216 |
| 650 | 1 | 4 |
_aNovela española _ySiglo XVII _9217 |
| 650 | 1 | 4 |
_aDon Quijote (Personaje ficticio) _eNovela _9218 |
| 700 | 1 |
_aClark, J. W. _eEditor _98703 |
|
| 700 | 1 |
_aTeignmouth Shore, Thomas _d1841-1911 _eEditor _98704 |
|
| 700 | 1 |
_aDoré, Paul Gustave _d1781-1852 _eIlustrador _98705 |
|
| 740 | 0 | _aEl Ingenioso Hidalgo Don Quijote de la Mancha | |
| 902 | _aQFM | ||
| 942 |
_2lcc _cB |
||
| 999 |
_c3020 _d3020 |
||